000 00425cam a22001337a 4500
008 180718b1996 xxu||||| |||| 00| 0 eng d
082 _aB1243x54 An81
245 _aReadings on minorities: perspectives and documents
_cedited by Iqbal A. Ansari
260 _aNew Delhi
_bInstitute of Objective Studies
_c1996
300 _a381p.
440 _aReading on Minorities
650 _aMinorities - India
700 _aAnsari, Iqbal A.
999 _c380639
_d380639